| 000 | 00770nam a2200253 i 4500 | ||
|---|---|---|---|
| 001 | 61246 | ||
| 003 | ES-MaACL | ||
| 005 | 20230906164417.0 | ||
| 007 | t| | ||
| 008 | 031111s1982 sp ||||1| spa d | ||
| 020 | _a84-376-0360-9 | ||
| 100 | 1 |
_aEysenck, Hans Jurgen. _948453 |
|
| 245 | 1 | 0 |
_aSexo y personalidad / _cH.J. Eysenck ; [traducción de Amparo Belloch y Elena Ibáñez]. |
| 260 |
_aMadrid : _bCátedra, _c[1982] |
||
| 300 |
_a258 p. ; _c21 cm. |
||
| 490 | 1 | _aTeorema. Serie mayor | |
| 504 | _aBibliografía: p. 251-258. | ||
| 700 | 1 |
_aBelloch, Amparo. _927253 |
|
| 700 | 0 |
_aIbáñez, Elena. _964903 |
|
| 830 | 0 |
_aTeorema. Serie mayor _9177809 |
|
| 852 |
_aES-MaACL _jL-4160 _bR.104409 |
||
| 852 |
_aES-MaACL _jL-8578 _bR.108570 |
||
| 999 |
_c61246 _d61246 |
||